[Event "Unterfranken-ch HA 43th"]
[Site "Sailauf"]
[Date "1992.??.??"]
[Round "6"]
[White "Gold, Stefan"]
[Black "Grimm, Rudolf"]
[Result "0-1"]
[WhiteElo "1450"]
[BlackElo "1623"]
[PlyCount "36"]
[EventDate "1992.04.20"]
[EventType "swiss"]
[EventRounds "9"]
[EventCountry "GER"]
[SourceTitle "EXT 2015"]
[Source "ChessBase"]
[SourceDate "2014.11.20"]
[SourceVersion "1"]
[SourceVersionDate "2014.11.20"]
[SourceQuality "1"]

1. e4 c6 2. d4 d5 3. Nc3 dxe4 4. Nxe4 Bf5 5. Ng3 Bg6 6. Nf3 Nd7 7. Bd3 e6 8. c3 Qc7 9. 0-0 Ngf6 10. Be3 Bd6 11. Bxg6 hxg6 12. Ne2 Bxh2+ 13. Kh1 Ne4 14. Neg1 Bf4+ 15. Nh3 Bxe3 16. fxe3 Ng3+ 17. Kg1 Nxf1 18. Qxf1 f6 0-1

[Event "Unterfranken-ch HA 43th"]
[Site "Sailauf"]
[Date "1992.??.??"]
[Round "3"]
[White "Grimm, Rudolf"]
[Black "Hynar, Alexandra"]
[Result "1-0"]
[WhiteElo "1623"]
[BlackElo "1537"]
[PlyCount "121"]
[EventDate "1992.04.20"]
[EventType "swiss"]
[EventRounds "9"]
[EventCountry "GER"]
[SourceTitle "EXT 2015"]
[Source "ChessBase"]
[SourceDate "2014.11.20"]
[SourceVersion "1"]
[SourceVersionDate "2014.11.20"]
[SourceQuality "1"]

1. d4 d5 2. c4 e6 3. Nc3 Nf6 4. Bg5 Be7 5. Nf3 Nc6 6. e3 0-0 7. a3 dxc4 8. Bxc4 b6 9. Rc1 Bb7 10. 0-0 Rc8 11. Bd3 a6 12. Re1 Qd6 13. Bxf6 Bxf6 14. Ne4 Qd8 15. Nxf6+ Qxf6 16. Bxa6 Bxa6 17. Rxc6 Bb7 18. Rc3 Rfd8 19. Qe2 h6 20. Rec1 Bxf3 21. Qxf3 Qxf3 22. gxf3 Rd7 23. Rc6 Kf8 24. Rxb6 cxb6 25. Rxc8+ Ke7 26. Rc6 Rb7 27. e4 Kd7 28. Rc3 Ra7 29. b4 g6 30. e5 Ra8 31. Kg2 Ra7 32. Kg3 Ke7 33. h4 Rd7 34. Rd3 Rc7 35. f4 Rc1 36. Kg2 Rc4 37. Kf3 h5 38. Ke4 Rc1 39. d5 exd5+ 40. Kxd5 Rh1 41. Kc6 Rxh4 42. Rf3 Rh1 43. Kxb6 h4 44. b5 h3 45. Ka7 h2 46. Rh3 Rb1 47. Rxh2 Rxb5 48. Rh3 Ke6 49. Ka6 Rb2 50. a4 Rxf2 51. Rh4 Ra2 52. a5 Rb2 53. Ka7 Kf5 54. a6 Ke6 55. Rh8 Rb4 56. Rb8 Rxf4 57. Rb5 Rd4 58. Kb6 g5 59. a7 Rd8 60. Ka6 g4 61. Rb8 1-0